000 00723nas a2200241 4500
001 BR2016004689
003 BR-BrBNA
005 20231205130754.0
007 ta
008 230509b bl.|||p| |||| 00| 00por d
040 _aBR-BrBNA
_bpor
_cBiblioteca Nacional de Agricultura
041 _a(Pt)
072 _aH10
100 1 _aBuckup, E.H.
100 1 _aOtt. R.
245 1 _aEspécies novas de Otiothops e Fernandezina do norte do Brasil (Araneae, Palpimanidae)
650 _aESPÉCIE
650 _aARANHA
650 _aBIOLOGIA
773 0 _tIheringia - Série Zoologia (Brazil)
_xISSN 0073-4721
_g(Mar 2004), v. 94(1) p. 23-24
_wBR2016004689
909 _a202311
_bLúcia
_c55
_dLúcia Elande
942 _2AGRIS
_n0
_cANA
999 _c251139
_d251139